[Event "AUTO-INT-1150"]
[Site "http://www.queenalice.com/game.php?id=514063"]
[Date "2008.12.29"]
[Round "1"]
[White "jumping"]
[Black "Predator"]
[Result "1-0"]
[WhiteElo "1625"]
[BlackElo "1658"]

1. e4 e5 2. Nf3 d6 3. d4 Qe7 4. Nc3 exd4 5. Nxd4 d5 6. Bd3 Nf6 7. Bg5 c6 8. Bxf6
Qxf6 9. Nf3 Bb4 10. Qd2 Qg6 11. Nh4 Qe6 12. Qe3 O-O 13. O-O Qf6 14. g3 Bxc3 15.
bxc3 Qxc3 16. e5 Re8 17. Nf3 Nd7 18. Rfe1 f6 19. e6 Nc5 20. Nd4 Nxe6 21. Bxh7+
Kxh7 22. Qxc3 c5 23. Qd3+ Kg8 24. Qb5 Kf7 25. Nxe6 Bxe6 26. Qxb7+ Kf8 27. Rxe6
Rxe6 28. Qxa8+ Re8 29. Qxa7 1-0

[Event "AUTO-INT-1121"]
[Site "http://www.queenalice.com/game.php?id=544173"]
[Date "2009.2.21"]
[Round "2"]
[White "Predator"]
[Black "vortex"]
[Result "0-1"]
[WhiteElo "1662"]
[BlackElo "1703"]

1. e4 e5 2. Nf3 d6 3. d4 exd4 4. Nxd4 Bd7 5. Be3 Nf6 6. Nc3 Nc6 7. Bf4 Nxd4 8.
Qxd4 Be7 9. e5 dxe5 10. Bxe5 Bf5 11. O-O-O Qxd4 12. Rxd4 O-O 13. Bxc7 Be6 14. a3
Bc5 15. Rd2 Rac8 16. Be5 Nd7 17. f4 Nxe5 18. fxe5 Be3 19. Bd3 Bxd2+ 20. Kxd2 Rc5
21. Re1 Rd8 22. b4 Rc7 23. Nb5 Rcd7 24. Nxa7 Bc4 0-1

[Event "AUTO-INT-1121"]
[Site "http://www.queenalice.com/game.php?id=544174"]
[Date "2009.2.21"]
[Round "2"]
[White "vortex"]
[Black "Predator"]
[Result "1-0"]
[WhiteElo "1717"]
[BlackElo "1648"]

1. e4 e5 2. Nf3 d6 3. Nc3 Nf6 4. d3 Be6 5. Bg5 Be7 6. Be2 d5 7. Nxe5 h6 8. Bxf6
Bxf6 9. Nf3 Nc6 10. exd5 Bxd5 11. O-O O-O 12. Nxd5 Qxd5 13. c3 Rae8 14. Re1 Re7
15. Rb1 Rfe8 16. a3 Qh5 17. Qd2 1-0

[Event "AUTO-INT-1121"]
[Site "http://www.queenalice.com/game.php?id=544176"]
[Date "2009.2.21"]
[Round "2"]
[White "ezequiel_2001"]
[Black "Predator"]
[Result "1-0"]
[WhiteElo "1916"]
[BlackElo "1668"]

1. d4 d5 2. g3 Nc6 3. Bg2 e6 4. c3 Nf6 5. Nf3 h6 6. O-O Bd6 7. Re1 e5 8. dxe5
Nxe5 9. Nxe5 Bxe5 10. e3 Be6 11. f4 Bd6 12. Nd2 1-0

[Event "AUTO-INT-1121"]
[Site "http://www.queenalice.com/game.php?id=544177"]
[Date "2009.2.21"]
[Round "2"]
[White "Predator"]
[Black "Be"]
[Result "0-1"]
[WhiteElo "1547"]
[BlackElo "1747"]

1. e4 e5 2. Nf3 Qf6 3. d4 exd4 4. Nxd4 Bc5 5. Be3 Nh6 6. a3 O-O 7. b4 Bd6 8. Nb5
Qxa1 9. Bd4 Qa2 10. c4 a6 11. Nxd6 cxd6 12. Bd3 Nc6 13. Bxg7 Kxg7 14. O-O Qb2
0-1

[Event "AUTO-INT-1121"]
[Site "http://www.queenalice.com/game.php?id=544178"]
[Date "2009.2.21"]
[Round "2"]
[White "Be"]
[Black "Predator"]
[Result "1-0"]
[WhiteElo "1738"]
[BlackElo "1556"]

1. e4 e5 2. Qh5 Nf6 3. Qxe5+ Be7 4. Qg5 O-O 5. h4 Nxe4 6. Qg4 d5 7. Qh5 Re8 8.
Bd3 Bb4 9. Ne2 Qf6 10. f3 g6 11. Qxd5 Ng3 12. Qb5 Nc6 13. Rh2 Re5 14. Qa4 Be6
15. c3 Ra5 16. Qc2 1-0

[Event "AUTO-INT-2256"]
[Site "http://www.queenalice.com/game.php?id=1031181"]
[Date "2012.2.19"]
[Round "1"]
[White "Predator"]
[Black "Arwan"]
[Result "0-1"]
[WhiteElo "1507"]
[BlackElo "1629"]

1. e4 e5 2. Nf3 Nc6 3. a3 Nf6 4. Nc3 Bc5 5. d3 O-O 6. b4 Bb6 7. Bb2 d6 8. Be2 a6
9. b5 axb5 10. Nxb5 Ne7 11. d4 c6 12. dxe5 dxe5 13. Nd6 Bc7 14. Bxe5 Ng6 15. Bg3
Ba5+ 16. Kf1 Bc3 17. Ra2 Be6 18. e5 Nd7 19. Nxb7 Qc7 20. Qb1 Rab8 21. Ng5 Rxb7
22. Nxe6 fxe6 23. Qd1 Nc5 24. a4 Rfb8 25. f3 Rb1 0-1

[Event "AUTO-INT-2256"]
[Site "http://www.queenalice.com/game.php?id=1031182"]
[Date "2012.2.19"]
[Round "1"]
[White "Arwan"]
[Black "Predator"]
[Result "1-0"]
[WhiteElo "1640"]
[BlackElo "1496"]

1. e4 e5 2. Nf3 Nc6 3. Bc4 Qe7 4. a3 Nf6 5. Nc3 d6 6. h3 a6 7. d3 b5 8. Bb3 Be6
9. Bxe6 Qxe6 10. Bg5 h6 11. Be3 b4 12. axb4 Nxb4 13. O-O d5 14. exd5 Nbxd5 15.
Nxd5 Nxd5 16. Bd4 f6 17. Re1 Bd6 18. c4 Nf4 19. c5 Nxh3+ 20. gxh3 Qxh3 21. cxd6
Qg4+ 22. Kh1 O-O 23. Bc5 cxd6 24. Bxd6 Rfd8 25. Re4 Qf5 26. Bc5 Rd5 27. b4 g5
28. Kg2 1-0

[Event "AUTO-INT-2256"]
[Site "http://www.queenalice.com/game.php?id=1031183"]
[Date "2012.2.19"]
[Round "1"]
[White "Predator"]
[Black "mobester"]
[Result "0-1"]
[WhiteElo "1476"]
[BlackElo "1652"]

1. e4 e5 2. Nf3 f6 3. Nc3 c6 4. d3 Bc5 5. d4 Bb4 6. Qd3 d6 7. a3 Ba5 8. b4 Bb6
9. b5 a6 10. bxc6 Nxc6 11. d5 Nd4 12. Be2 Nxe2 13. Qxe2 Bg4 14. Rb1 Qc7 15. Rb3
Ne7 16. Be3 Ba5 17. Bd2 Ng6 18. g3 O-O 19. O-O f5 20. Kg2 f4 21. h3 Bd7 22. Rfb1
b5 23. Nd1 Bxd2 24. Qxd2 Qc4 25. Rb4 Qc8 26. Qd3 Bxh3+ 0-1

[Event "AUTO-INT-2256"]
[Site "http://www.queenalice.com/game.php?id=1031184"]
[Date "2012.2.19"]
[Round "1"]
[White "mobester"]
[Black "Predator"]
[Result "1-0"]
[WhiteElo "1642"]
[BlackElo "1486"]

1. d4 d5 2. Bf4 Nc6 3. c3 e6 4. e3 Bd6 5. Bb5 Ne7 6. Ne2 a6 7. Ba4 b5 8. Bb3 b4
9. a3 bxa3 10. Nxa3 e5 11. Bg5 f6 12. Bh4 Rb8 13. O-O a5 14. Qc2 Ba6 15. Rfe1
exd4 16. cxd4 Nb4 17. Qd2 Nd3 18. Reb1 Rxb3 19. Qxa5 Rb6 20. Qd2 Qb8 21. Ra2
Bxa3 22. Rxa3 Bc4 23. b3 Nc6 24. Qc2 Ncb4 25. Qd1 Ba6 26. Qd2 1-0

[Event "AUTO-INT-2256"]
[Site "http://www.queenalice.com/game.php?id=1031185"]
[Date "2012.2.19"]
[Round "1"]
[White "Predator"]
[Black "ElvisCarvalho"]
[Result "0-1"]
[WhiteElo "1447"]
[BlackElo "1381"]

1. e4 e5 2. Nf3 d6 3. h3 Nf6 4. Nc3 Nc6 5. Be2 d5 6. d3 Bb4 7. Nd2 d4 8. Ncb1
O-O 9. c3 Ba5 10. b4 Bb6 11. b5 Na5 12. c4 c5 13. bxc6 Nxc6 14. Nb3 Nb4 15. a3
Nc6 0-1

[Event "AUTO-INT-2256"]
[Site "http://www.queenalice.com/game.php?id=1031186"]
[Date "2012.2.19"]
[Round "1"]
[White "ElvisCarvalho"]
[Black "Predator"]
[Result "1-0"]
[WhiteElo "1361"]
[BlackElo "1467"]

1. e4 e5 2. Nf3 d6 3. Bb5+ Bd7 4. Bxd7+ Qxd7 5. Nc3 Nf6 6. d4 exd4 7. Nxd4 c5 8.
Nb3 Nc6 9. Nd5 Nxd5 10. exd5 Nb4 11. O-O Qf5 12. c4 Qe4 13. Nd2 Qd3 14. a3 Nc2
15. Ra2 Be7 16. b4 Nd4 17. bxc5 1-0